Catalogo generale illustrato della società editrice Sonzogno. (Record no. 185104)

MARC details
000 -LEADER
campo de control de longitud fija 00645nam a2200181 i 4500
001 - NÚMERO DE CONTROL
campo de control 185104
003 - IDENTIFICADOR DE NÚMERO DE CONTROL
campo de control ES-MaACL
005 - FECHA Y HORA DE LA ÚLTIMA TRANSACCIÓN
campo de control 20250903084343.0
008 - DATOS DE LONGITUD FIJA--INFORMACIÓN GENERAL
campo de control de longitud fija 160322s1898 it |||| | ita d
110 2# - ENTRADA PRINCIPAL--NOMBRE DE ENTIDAD CORPORATIVA
Nombre de entidad corporativa o nombre de jurisdicción como elemento de entrada Società Editrice Sonzogno.
9 (RLIN) 159183
245 10 - MENCIÓN DEL TÍTULO
Título Catalogo generale illustrato della società editrice Sonzogno.
260 ## - PUBLICACIÓN, DISTRIBUCIÓN, ETC.
Lugar de publicación, distribución, etc. Milano :
Nombre del editor, distribuidor, etc. Sonzogno,
Fecha de publicación, distribución, etc. 1898.
300 ## - DESCRIPCIÓN FÍSICA
Extensión 56 p. :
Otras características físicas il. ;
Dimensiones 26 cm.
650 #7 - PUNTO DE ACCESO ADICIONAL DE MATERIA--TÉRMINO DE MATERIA
Término de materia o nombre geográfico como elemento de entrada Catálogos de editores-
Subdivisión cronológica S.XX
Fuente del encabezamiento o término
9 (RLIN) 169795
650 #7 - PUNTO DE ACCESO ADICIONAL DE MATERIA--TÉRMINO DE MATERIA
Término de materia o nombre geográfico como elemento de entrada Catálogos de editores-
Subdivisión cronológica S.XIX
Fuente del encabezamiento o término
9 (RLIN) 169796
852 ## - LOCALIZACIÓN
Ubicación ES-MaACL
Número de control de estantería T-970-F-6
Nota libre .- Enc. en un vol. facticio conservando la cub. original
Holdings
Estatus retirado Estado de pérdida Estado de daño No para préstamo Colección Biblioteca de origen Biblioteca actual Ubicación en estantería Fecha de adquisición Fuente de adquisición Total de préstamos Signatura topográfica completa Código de barras Visto por última vez Precio de reemplazo Tipo de ítem Koha
        Colección de folletos Biblioteca del Ateneo de Madrid Biblioteca del Ateneo de Madrid Depósito folletos 22/03/2016     T-970-F-6 1194976 23/02/2023 23/02/2023 Folleto